000 00421nam a2200169Ia 4500
999 _c17561
_d17561
003 GCL
005 20240530100425.0
008 140319s9999 xx 000 0 eng d
040 _aGCL /
_cGCL
082 0 4 _a709.0342
_bV R
100 1 _aVAUGHAN, WILLIAM
245 1 0 _aRomantic Art /
_cVAUGHAN, WILLIAM
260 _a[S.N] :
_bTHAMES AND HUDSON ،
_c1988
300 _a288
650 0 4 _aART ROMANTIC
942 _2ddc
_cBK